Asamiya giti sahitya (Record no. 3311)

MARC details
000 -LEADER
fixed length control field 00463cam a2200193ua 4500
001 - CONTROL NUMBER
control field 3470
005 - DATE AND TIME OF LATEST TRANSACTION
control field 20260515113701.0
008 - FIXED-LENGTH DATA ELEMENTS--GENERAL INFORMATION
fixed length control field 120216n ii |||gr||||Z||||||asm
040 ## - CATALOGING SOURCE
Transcribing agency MAIN
082 ## - DEWEY DECIMAL CLASSIFICATION NUMBER
Classification number 780
100 ## - MAIN ENTRY--PERSONAL NAME
Personal name Neog, Maheswar,
245 11 - TITLE STATEMENT
Title Asamiya giti sahitya
Statement of responsibility, etc. by Maheswar Neog
250 ## - EDITION STATEMENT
Edition statement 3rd.
260 ## - PUBLICATION, DISTRIBUTION, ETC.
Place of publication, distribution, etc. Tihu:
Name of publisher, distributor, etc. Chandra Prakash,987.
300 ## - PHYSICAL DESCRIPTION
Extent 96p:
Dimensions 23cm.
653 ## - INDEX TERM--UNCONTROLLED
Uncontrolled term Assamese literature
653 ## - INDEX TERM--UNCONTROLLED
Uncontrolled term Asamiya giti sahitya
942 ## - ADDED ENTRY ELEMENTS (KOHA)
Koha item type Books
Holdings
Withdrawn status Lost status Damaged status Not for loan Home library Current library Shelving location Date acquired Total checkouts Full call number Barcode Date last seen Copy number Price effective from Koha item type
        Naharkatiya College Library Naharkatiya College Library General stacks 09/19/2020   780 | NEO 8367 09/19/2020 1 09/19/2020 Books